[Event "GER-chT U16"]
[Site "Neumarkt in der Oberpfalz"]
[Date "2016.12.29"]
[Round "6.4"]
[White "Yaroshenko, Yaroslav"]
[Black "Mueller, Noah"]
[Result "1/2-1/2"]
[WhiteElo "1631"]
[BlackElo "1583"]
[PlyCount "75"]
[EventDate "2016.12.27"]
[EventType "team-swiss"]
[EventRounds "7"]
[EventCountry "GER"]
[SourceTitle "EXT 2018"]
[Source "ChessBase"]
[SourceDate "2017.10.13"]
[SourceVersion "1"]
[SourceVersionDate "2017.10.13"]
[SourceQuality "1"]
[WhiteTeam "Graefelfing"]
[BlackTeam "Paderborn Blauer Springer"]
[WhiteTeamCountry "GER"]
[BlackTeamCountry "GER"]

1. d4 d5 2. c4 c6 3. Nf3 Nf6 4. Nc3 e6 5. Bf4 Nbd7 6. e3 Be7 7. Be2 Qa5 8. 0-0 0-0 9. Ne5 Nxe5 10. Bxe5 Qd8 11. Bd3 Bd6 12. f4 dxc4 13. Bxc4 Nd5 14. Nxd5 Bxe5 15. Ne7+ Qxe7 16. dxe5 Rd8 17. Qe2 b6 18. Rf3 Bb7 19. Rh3 g6 20. Qf2 Rd7 21. g4 Rad8 22. g5 Qf8 23. Qe1 c5 24. Be2 Rd2 25. Rd1 Rxb2 26. Rxd8 Qxd8 27. Qh4 Rxe2 28. Qxh7+ Kf8 29. Qh8+ Ke7 30. Qf6+ Kd7 31. Qxf7+ Qe7 32. Qxe7+ Kxe7 33. Rh7+ Kf8 34. Rxb7 Rxa2 35. Rc7 Ra3 36. Rc8+ Kf7 37. Rc7+ Kf8 38. Rc8+ 1/2-1/2

[Event "GER-chT U16"]
[Site "Neumarkt in der Oberpfalz"]
[Date "2016.12.27"]
[Round "2.4"]
[White "Dalchow, Mario"]
[Black "Mueller, Noah"]
[Result "0-1"]
[WhiteElo "1471"]
[BlackElo "1583"]
[PlyCount "120"]
[EventDate "2016.12.27"]
[EventType "team-swiss"]
[EventRounds "7"]
[EventCountry "GER"]
[SourceTitle "EXT 2018"]
[Source "ChessBase"]
[SourceDate "2017.10.13"]
[SourceVersion "1"]
[SourceVersionDate "2017.10.13"]
[SourceQuality "1"]
[WhiteTeam "Lambsheim"]
[BlackTeam "Paderborn Blauer Springer"]
[WhiteTeamCountry "GER"]
[BlackTeamCountry "GER"]

1. e4 d5 2. exd5 Qxd5 3. Nc3 Qa5 4. d3 c6 5. Nf3 Nf6 6. Be2 Bf5 7. 0-0 e6 8. a3 Be7 9. Be3 0-0 10. Nh4 Bg6 11. Nxg6 hxg6 12. Qd2 Nbd7 13. Ne4 Qd8 14. Nxf6+ Nxf6 15. c3 Qc7 16. d4 Bd6 17. g3 Rad8 18. Bg5 Be7 19. Qf4 Qa5 20. Bxf6 Bxf6 21. h4 g5 22. hxg5 Bxg5 23. Qe5 Qxe5 24. dxe5 Rd2 25. Bf3 Rxb2 26. Rfb1 Rxb1+ 27. Rxb1 b6 28. Rd1 Rc8 29. Rd7 a5 30. Rd6 Bc1 31. Rxc6 Rxc6 32. Bxc6 Bxa3 33. f4 f6 34. exf6 gxf6 35. c4 Kf7 36. Kf2 Ke7 37. Ke3 Kd6 38. Bb5 Kc5 39. Ke4 Bb2 40. Bd7 Kxc4 41. Bxe6+ Kb4 42. g4 a4 43. g5 fxg5 44. fxg5 b5 45. Kd3 Ka3 46. Kc2 b4 47. Bd7 b3+ 48. Kb1 Be5 49. Bf5 Kb4 50. g6 a3 51. Be4 a2+ 52. Kc1 a1Q+ 53. Kd2 Qd4+ 54. Bd3 Bf4+ 55. Ke2 Qe5+ 56. Kf2 Qb2+ 57. Kf1 Bg3 58. Be2 Qe5 59. Kg2 Qxe2+ 60. Kxg3 b2 0-1

[Event "GER-chT U14"]
[Site "Verden"]
[Date "2015.12.30"]
[Round "7.4"]
[White "Summers, Jan"]
[Black "Mueller, Noah"]
[Result "0-1"]
[WhiteElo "1185"]
[BlackElo "1619"]
[PlyCount "96"]
[EventDate "2015.12.27"]
[EventType "team-swiss"]
[EventRounds "7"]
[EventCountry "GER"]
[SourceTitle "EXT 2017"]
[Source "ChessBase"]
[SourceDate "2016.10.25"]
[SourceVersion "1"]
[SourceVersionDate "2016.10.25"]
[SourceQuality "1"]
[WhiteTeam "Koenigsspringer"]
[BlackTeam "Paderborn Blauer Springer"]
[WhiteTeamCountry "GER"]
[BlackTeamCountry "GER"]

1. e4 d5 2. exd5 Qxd5 3. Nc3 Qa5 4. d4 c6 5. Bc4 Nf6 6. Bd2 Qc7 7. Qe2 Bf5 8. 0-0-0 e6 9. Nf3 Be7 10. Ne5 Nbd7 11. Bf4 Nxe5 12. Qxe5 Qxe5 13. Bxe5 0-0 14. h3 Rad8 15. f3 Nd5 16. Bxd5 cxd5 17. g4 Bg6 18. h4 h6 19. h5 Bh7 20. Bh2 Rc8 21. f4 Rfd8 22. Rhg1 b5 23. Rd2 b4 24. Nd1 a5 25. b3 Bf6 26. g5 Bxd4 27. Rg3 hxg5 28. fxg5 Bf5 29. Bg1 Bxg1 30. Rxg1 a4 31. Rgg2 e5 32. Rgf2 Bg4 33. h6 Bxd1 34. Kxd1 Rc5 35. h7+ Kxh7 36. Rxf7 Re8 37. Rg2 Kg6 38. Rff2 Re7 39. Rg4 Rf7 40. Rxf7 Kxf7 41. Kd2 Kg6 42. Rg1 Kf5 43. Kd3 Rc3+ 44. Kd2 Rc6 45. Kd3 Rg6 46. Rg2 Rxg5 47. Rxg5+ Kxg5 48. Ke3 Kf6 0-1

[Event "GER-chT U14"]
[Site "Verden"]
[Date "2015.12.27"]
[Round "1.4"]
[White "Schede, Wolf"]
[Black "Mueller, Noah"]
[Result "0-1"]
[WhiteElo "1062"]
[BlackElo "1619"]
[PlyCount "58"]
[EventDate "2015.12.27"]
[EventType "team-swiss"]
[EventRounds "7"]
[EventCountry "GER"]
[SourceTitle "EXT 2017"]
[Source "ChessBase"]
[SourceDate "2016.10.25"]
[SourceVersion "1"]
[SourceVersionDate "2016.10.25"]
[SourceQuality "1"]
[WhiteTeam "Freiburg Zaehringen"]
[BlackTeam "Paderborn Blauer Springer"]
[WhiteTeamCountry "GER"]
[BlackTeamCountry "GER"]

1. e4 d5 2. exd5 Qxd5 3. Nc3 Qa5 4. Nf3 Nf6 5. Bc4 Bf5 6. 0-0 e6 7. d3 c6 8. Bb3 Be7 9. Re1 Nbd7 10. Bd2 Qc7 11. Ne2 0-0 12. Ng3 Bg6 13. Bc3 Bd6 14. Qe2 Nd5 15. Bd2 N7f6 16. Ne5 Rfe8 17. Nxg6 hxg6 18. Qf3 Rad8 19. c4 Nb4 20. a3 Nxd3 21. Qxd3 Bxg3 22. Qxg3 Qxg3 23. hxg3 Rxd2 24. Rab1 Red8 25. Bd1 R8d4 26. Be2 Ne4 27. Red1 Kf8 28. Bf3 Nxf2 29. b4 Nxd1 0-1

[Event "GER-chT U12"]
[Site "Schney"]
[Date "2013.12.28"]
[Round "4.4"]
[White "Von Koslowski, Wilhelm"]
[Black "Mueller, Noah"]
[Result "1/2-1/2"]
[WhiteElo "1280"]
[BlackElo "1157"]
[PlyCount "67"]
[EventDate "2013.12.27"]
[EventType "team-swiss"]
[EventRounds "7"]
[EventCountry "GER"]
[SourceTitle "EXT 2015"]
[Source "ChessBase"]
[SourceDate "2014.11.20"]
[SourceVersion "1"]
[SourceVersionDate "2014.11.20"]
[SourceQuality "1"]
[WhiteTeam "Coswig"]
[BlackTeam "Paderborn"]
[WhiteTeamCountry "GER"]
[BlackTeamCountry "GER"]

1. e4 d5 2. exd5 Qxd5 3. Nc3 Qa5 4. d4 Nf6 5. Bc4 c6 6. Nf3 e6 7. 0-0 Be7 8. Bd2 Qd8 9. Bf4 0-0 10. Qd3 Nbd7 11. Rfe1 h6 12. Rad1 a6 13. Qe3 Nb6 14. Bd3 Nbd5 15. Nxd5 Nxd5 16. Qe4 Nf6 17. Qe2 Bd6 18. Bxd6 Qxd6 19. Ne5 Nd7 20. Rd2 Qe7 21. Nxd7 Bxd7 22. Qe4 g6 23. Re3 Qg5 24. Rde2 Qd5 25. Qf4 Kg7 26. Re5 Qd6 27. Qg4 f5 28. Qh4 Rae8 29. h3 Qe7 30. Qxe7+ Rxe7 31. Ra5 Ree8 32. Ree5 Ra8 33. a3 b6 34. Rxa6 1/2-1/2